Rozvoj pracovných kolektívov pri zdokonaľovaní riadenia podniku záverečná správa čiastkovej úlohy ŠPEV 903-533-201.10
Salvato in:
| Autore principale: | |
|---|---|
| Natura: | Libro |
| Lingua: | slovacco |
| Pubblicazione: |
Bratislava
VŠE
1985
|
| Tags: |
Nessun Tag, puoi essere il primo ad aggiungerne!!
|
MARC
| LEADER | 00000nam a2200000 4500 | ||
|---|---|---|---|
| 001 | c031418 | ||
| 005 | 20260325111500.8 | ||
| 041 | 0 | |a slo | |
| 044 | |a SK | ||
| 245 | 1 | 0 | |a Rozvoj pracovných kolektívov pri zdokonaľovaní riadenia podniku |b záverečná správa čiastkovej úlohy ŠPEV 903-533-201.10 |c Anna Kachaňáková |
| 264 | 1 | |a Bratislava |b VŠE |c 1985 | |
| 300 | |a 47 s. | ||
| 100 | 1 | |a Kachaňáková, Anna | |